|
|
|
|
| LEADER |
00000nab a2200000 a 4500 |
| 001 |
vtls010668869 |
| 003 |
SK-MaSNL |
| 005 |
20260303195557.0 |
| 008 |
150422 2015 xo m p 000 0 cze |
| 015 |
|
|
|a SNBRB2015/04
|2 lmaosk
|
| 040 |
|
|
|a LMAOSK
|b slo
|c LMAOSK
|e AACR2
|
| 041 |
|
|
|a cze
|
| 044 |
|
|
|a xo
|c SK
|
| 080 |
|
|
|a 359(536.2)
|2 2001
|
| 080 |
|
|
|a 623.82
|2 2001
|
| 080 |
|
|
|a 623.823.2
|2 2001
|
| 080 |
|
|
|a (046)
|2 2001
|
| 100 |
1 |
|
|a Zajac, Ivan
|4 aut
|9 1084412
|
| 245 |
1 |
0 |
|a Baynunah, Abu Dhabi a Chantut
|c Ivan Zajac
|
| 300 |
|
|
|b Fotogr., tab.
|
| 650 |
0 |
7 |
|a Baynunah (korvety)
|2 LMAOSK
|9 1228829
|
| 650 |
0 |
7 |
|a Chantut (raketové člny)
|2 LMAOSK
|9 1228830
|
| 650 |
0 |
7 |
|a Abu Dhabi (protiponorkové korvety)
|2 LMAOSK
|9 1228831
|
| 650 |
0 |
7 |
|a vojenské námorníctvo
|2 SNKPH
|9 68560
|
| 650 |
0 |
7 |
|a vojenské lode
|2 SNKPH
|9 90232
|
| 650 |
0 |
7 |
|a korvety
|2 SNKPH
|9 50998
|
| 650 |
0 |
7 |
|a protiponorkové korvety
|2 LMAOSK
|9 1228832
|
| 655 |
|
7 |
|a články
|2 SNKPH
|9 70601
|
| 773 |
0 |
|
|t ATM
|g Roč. 47, č. 4 (2015), s. 60-65
|x 1802-4823
|
| 852 |
|
|
|a LMAOSK
|b KIS3GCP
|
| 958 |
|
|
|a NB
|
| 999 |
|
|
|c 2163621
|d 2165551
|